| 000 | 00700nam a2200217Ia 4500 | ||
|---|---|---|---|
| 008 | 220216s9999 xx 000 0 und d | ||
| 100 | _aSenevirathna A M W K | ||
| 245 | 0 | _aSudden dieback of young budded rubber (Hevea brasiliensis Muell.Arg.) plants at nursery stage under hot and dry climate conditions | |
| 260 | _bIRRDB International Rubber Conference 14-17 December 2011 Chiang | ||
| 650 | _aDry climate | ||
| 650 | _aHigh vigor plants | ||
| 650 | _aHot climate | ||
| 650 | _aLow vigor plants | ||
| 650 | _aScion dieback | ||
| 650 | _aShade | ||
| 650 | _aYoung budding plants | ||
| 700 | _aDharmakeerthi R S | ||
| 700 | _aKarunathilake P K W | ||
| 700 | _aSilva S N | ||
| 942 | _cJS | ||
| 999 |
_c69918 _d69918 |
||